Pays du monde mélangés - Statistiques

Statistiques générales
  • Ce quiz a été pris 134 fois
  • Le résultat moyen est 129 sur 196
Réponses sur la Carte
Les réponses sont colorées sur une échelle allant du rouge au vert en fonction du pourcentage des utilisateurs qui les ont devinées à leur premier essai. Vous pouvez retrouver ces pourcentages ci-dessous.
 
Statistiques - réponses
Pays % Correct
États-Unis
93%
Canada
91%
France
91%
Inde
88%
Espagne
84%
Russie
83%
Chine
81%
Mexique
81%
République démocratique du Congo
81%
République du Congo
80%
Brésil
79%
Chili
79%
Algérie
78%
Portugal
78%
Australie
77%
Italie
77%
Mongolie
77%
Irlande
76%
Japon
76%
Argentine
74%
Maroc
74%
Norvége
74%
Uruguay
74%
Afrique du Sud
73%
Cuba
73%
Égypte
73%
Finlande
73%
Islande
73%
Laos
73%
Madagascar
73%
Nouvelle-Zélande
73%
Royaume-Uni
73%
Allemagne
72%
Colombie
72%
Paraguay
72%
Pérou
72%
Suède
72%
Bolivie
71%
Chypre
71%
Corée du Sud
71%
Danemark
71%
Indonésie
71%
Iran
71%
Turquie
71%
Afghanistan
70%
Arabie saoudite
70%
Autriche
70%
Équateur
70%
Estonie
70%
Éthiopie
70%
Guyana
70%
Honduras
70%
Irak
70%
Suriname
70%
Andorre
69%
Belgique
69%
Corée du Nord
69%
Guatemala
69%
Hongrie
69%
Lettonie
69%
Malte
69%
Pays-Bas
69%
Serbie
69%
Suisse
69%
Tunisie
69%
Ukraine
69%
Venezuela
69%
Viêt Nam
69%
Angola
67%
Cameroun
67%
Érythrée
67%
Géorgie
67%
Guinée
67%
Israël
67%
Libye
67%
Lituanie
67%
Mali
67%
Monaco
67%
Pakistan
67%
Panama
67%
Roumanie
67%
Thaïlande
67%
Togo
67%
Grèce
66%
Kosovo
66%
Luxembourg
66%
Ouzbékistan
66%
République dominicaine
66%
Sénégal
66%
Soudan
66%
Syrie
66%
Vatican
66%
Belize
65%
Biélorussie
65%
Cap-Vert
65%
Croatie
65%
Jamaïque
65%
Jordanie
65%
Kazakhstan
65%
Namibie
65%
Oman
65%
Pologne
65%
Slovaquie
65%
Zambie
65%
Albanie
64%
Bahamas
64%
Bulgarie
64%
Émirats arabes unis
64%
Haïti
64%
Liban
64%
Monténégro
64%
Nicaragua
64%
Saint-Marin
64%
Slovénie
64%
Soudan du Sud
64%
Arménie
63%
Bangladesh
63%
Cambodge
63%
Dominique
63%
Eswatini
63%
Guinée équatoriale
63%
Kenya
63%
Kirghizistan
63%
Lesotho
63%
Libéria
63%
Liechtenstein
63%
Macédoine du Nord
63%
Niger
63%
Papouasie-Nouvelle-Guinée
63%
Qatar
63%
République Centrafricaine
63%
République Tchèque
63%
Sainte-Lucie
63%
Turkménistan
63%
Yémen
63%
Antigua-et-Barbuda
62%
Bhoutan
62%
Botswana
62%
Burkina Faso
62%
Comores
62%
Djibouti
62%
Ghana
62%
Guinée-Bissau
62%
Malaisie
62%
Ouganda
62%
Saint-Vincent-et-les-Grenadines
62%
Sri Lanka
62%
Tadjikistan
62%
Vanuatu
62%
Zimbabwe
62%
Barbade
60%
Costa Rica
60%
Côte d'Ivoire
60%
Gabon
60%
Gambie
60%
Kiribati
60%
Maurice
60%
Népal
60%
Nigeria
60%
Salvador
60%
Somalie
60%
Tonga
60%
Trinité-et-Tobago
60%
Azerbaïdjan
59%
Bosnie-Herzégovine
59%
Burundi
59%
Fidji
59%
Grenade
59%
Maldives
59%
Moldavie
59%
Philippines
59%
Saint-Christophe-et-Niévès
59%
Samoa
59%
Singapour
59%
Tanzanie
59%
Mauritanie
58%
Taïwan
58%
Tchad
58%
Bahreïn
57%
Bénin
57%
Mozambique
57%
Nauru
57%
Rwanda
57%
São-Tomé-et-Príncipe
57%
Seychelles
57%
Brunei
56%
Îles Salomon
56%
Malawi
56%
Tuvalu
56%
Koweït
53%
Palaos
53%
Sierra Leone
53%
Îles Marshall
52%
Timor oriental
51%
Micronésie
50%
Myanmar
27%
Aucun quiz correspondant
Distribution des résultats
% des personnes avec chaque résultat
Percentile par nombre de réponses
Votre historique - résultats
Vous n’avez pas pris ce quiz